000
00294nam a22001337a 4500
008
190305b xxu||||| |||| 00| 0 eng d
020
_a
9781848660687
041
_a
eng
080
_a
510
100
_a
36
101
_a
MAT
245
_a
The Story of Mathematics
_c
Stewart,I
942
_2
udc
_c
BK
999
_c
54500
_d
54500